<?xml version="1.0" encoding="UTF-8"?>
<record
    xmlns:xsi="http://www.w3.org/2001/XMLSchema-instance"
    xsi:schemaLocation="http://www.loc.gov/MARC21/slim http://www.loc.gov/standards/marcxml/schema/MARC21slim.xsd"
    xmlns="http://www.loc.gov/MARC21/slim">

  <leader>00774nam a22002057a 4500</leader>
  <controlfield tag="005">20240530110914.0</controlfield>
  <controlfield tag="008">220221s1990    ua c   g b    000 0 ara d</controlfield>
  <datafield tag="017" ind1=" " ind2=" ">
    <subfield code="b">&#x645;&#x635;&#x631;. &#x62F;&#x627;&#x631; &#x627;&#x644;&#x643;&#x62A;&#x628;</subfield>
  </datafield>
  <datafield tag="040" ind1=" " ind2=" ">
    <subfield code="a">EG-CaGPL</subfield>
    <subfield code="c">EG-CaGPL</subfield>
  </datafield>
  <datafield tag="082" ind1="0" ind2="4">
    <subfield code="2">21</subfield>
    <subfield code="a">418 /</subfield>
    <subfield code="b">&#x647;&#x640; &#x62A;</subfield>
  </datafield>
  <datafield tag="100" ind1="0" ind2=" ">
    <subfield code="a">&#x639;&#x628;&#x62F;&#x627;&#x644;&#x644;&#x647; &#x627;&#x644;&#x62D;&#x633;&#x64A;&#x646;&#x649; &#x647;&#x644;&#x627;&#x644;</subfield>
  </datafield>
  <datafield tag="245" ind1="1" ind2="0">
    <subfield code="a">&#x62A;&#x648;&#x62C;&#x64A;&#x647; &#x628;&#x639;&#x636; &#x627;&#x644;&#x62A;&#x631;&#x627;&#x643;&#x64A;&#x628; &#x627;&#x644;&#x645;&#x634;&#x643;&#x644;&#x629; &#x644;&#x627;&#x628;&#x646; &#x647;&#x634;&#x627;&#x645; &#x627;&#x644;&#x627;&#x646;&#x635;&#x627;&#x631;&#x649; &#x627;&#x644;&#x645;&#x62A;&#x648;&#x641;&#x649; 761 &#x647;&#x640; /</subfield>
    <subfield code="c">&#x639;&#x628;&#x62F;&#x627;&#x644;&#x644;&#x647; &#x627;&#x644;&#x62D;&#x633;&#x64A;&#x646;&#x649; &#x647;&#x644;&#x627;&#x644;</subfield>
  </datafield>
  <datafield tag="260" ind1=" " ind2=" ">
    <subfield code="a">&#x627;&#x644;&#x642;&#x627;&#x647;&#x631;&#x629; : </subfield>
    <subfield code="b">&#x645;&#x637;&#x628;&#x639;&#x629; &#x627;&#x644;&#x633;&#x639;&#x627;&#x62F;&#x629; &#x60C;</subfield>
    <subfield code="c">1990</subfield>
  </datafield>
  <datafield tag="300" ind1=" " ind2=" ">
    <subfield code="c">24</subfield>
    <subfield code="a">89 &#x635;</subfield>
  </datafield>
  <datafield tag="650" ind1=" " ind2=" ">
    <subfield code="a">&#x627;&#x644;&#x644;&#x63A;&#x629; &#x627;&#x644;&#x639;&#x631;&#x628;&#x64A;&#x629; </subfield>
    <subfield code="2">qrmak</subfield>
  </datafield>
  <datafield tag="650" ind1=" " ind2=" ">
    <subfield code="a">&#x627;&#x628;&#x646; &#x647;&#x634;&#x627;&#x645; &#x627;&#x644;&#x627;&#x646;&#x635;&#x627;&#x631;&#x649;</subfield>
    <subfield code="2">qrmak</subfield>
  </datafield>
  <datafield tag="651" ind1=" " ind2=" ">
    <subfield code="2">qrmak</subfield>
  </datafield>
  <datafield tag="942" ind1=" " ind2=" ">
    <subfield code="2">ddc</subfield>
    <subfield code="c">BK</subfield>
  </datafield>
  <datafield tag="999" ind1=" " ind2=" ">
    <subfield code="c">66361</subfield>
    <subfield code="d">66361</subfield>
  </datafield>
  <datafield tag="952" ind1=" " ind2=" ">
    <subfield code="0">0</subfield>
    <subfield code="1">0</subfield>
    <subfield code="4">0</subfield>
    <subfield code="7">0</subfield>
    <subfield code="a">CAI</subfield>
    <subfield code="b">CAI</subfield>
    <subfield code="c">&#x627;&#x644;&#x625;&#x62F;&#x627;&#x631;&#x629;-&#x639;&#x631;&#x628;&#x649;</subfield>
    <subfield code="d">2022-04-06</subfield>
    <subfield code="l">0</subfield>
    <subfield code="o">418 / &#x647;&#x640; &#x62A;</subfield>
    <subfield code="p">167761</subfield>
    <subfield code="r">2022-04-06 00:00:00</subfield>
    <subfield code="w">2022-04-06</subfield>
    <subfield code="y">BK</subfield>
  </datafield>
  <datafield tag="952" ind1=" " ind2=" ">
    <subfield code="0">0</subfield>
    <subfield code="1">0</subfield>
    <subfield code="4">0</subfield>
    <subfield code="7">0</subfield>
    <subfield code="a">CAI</subfield>
    <subfield code="b">CAI</subfield>
    <subfield code="c">&#x627;&#x644;&#x623;&#x62F;&#x627;&#x628;-&#x639;&#x631;&#x628;&#x649;</subfield>
    <subfield code="d">2022-04-06</subfield>
    <subfield code="l">0</subfield>
    <subfield code="o">418 / &#x647;&#x640; &#x62A;</subfield>
    <subfield code="p">167762</subfield>
    <subfield code="r">2022-04-06 00:00:00</subfield>
    <subfield code="w">2022-04-06</subfield>
    <subfield code="y">BK</subfield>
  </datafield>
</record>
